Ultimate Golden Girls Quiz - Statistics

General Stats
  • This quiz has been taken 146 times
  • The average score is 9 of 15
Answer Stats
Question Answer % Correct
What did Rose’s husband Charlie say was the reason they didn’t get headaches and had “really shiny hair”? they had sex every day
80%
In “The Days and Nights of Sophia Petrillo” what does Sophia tell the girls she’s going out to buy? a nectarine
72%
What was notable about Blanche’s prom date, Benjamin? He was from New Jersey
72%
Usually referred to as Big Daddy, what was Blanche’s father’s true given name? Curtis
68%
What “wild and crazy nicknames” did Stan and Dorothy’s therapist use to refer to them as in his personal conversations? Dan and Morothy
68%
Phil Petrillo, cross- dressing brother of Dorothy and son of Sophia, was buried in what type of garment? a teddy
67%
What was Blanche doing while her husband was dying? getting a pedicure
66%
What, according to Sophia, are the two things a Sicilian will not do? lie about pizza and file a tax return
66%
What cured Stan Zbornak’s impotence? a blonde stewardess with a butt that would’ve made Gandhi throw in the towel
64%
Which famous actor did NOT play a love interest of one of the girls? Alan Alda
61%
Blanche says rain always reminds her of her first kiss. Where did her first kiss take place? in the shower
60%
What is the St. Olaf Woman of the Year award made out of? pure milk chocolate
55%
How did Sophia know Blanche’s brother was “as gay as a picnic basket”? He’s the only man she ever knew who knows all the words to “Send in the Clowns”
52%
Who wrote an autobiography that Dorothy considers to be “a helluva book”? Vanna White
51%
What does Rose tell Blanche she has buried in St. Olaf? a frog
28%
No matching quizzes found
Score Distribution
Percent of People with Each Score
Percentile by Number Answered
Your Score History
You have not taken this quiz